El teorema de Endika (Record no. 173011)
[ view plain ]
| 000 -CABECERA | |
|---|---|
| campo de control de longitud fija | 01169nab a2200241 a 4500 |
| 005 - FECHA Y HORA DE LA ÚLTIMA TRANSACCIÓN | |
| campo de control | 20210219162251.0 |
| 008 - ELEMENTOS DE LONGITUD FIJA--INFORMACIÓN GENERAL | |
| campo de control de longitud fija | 991125s1985 mx 000 0 spa u |
| 035 ## - NÚMERO DE CONTROL DEL SISTEMA | |
| Número de control de sistema | UPN01000200910 |
| 049 ## - COLECCIÓN | |
| Colección | ART |
| 100 1# - ASIENTO PRINCIPAL--NOMBRE PERSONAL | |
| Nombre de persona | Requena, José Luis |
| 222 #0 - TÍTULO CLAVE | |
| Título clave | UNO : |
| Información calificativa | REVISTA DE DIDACTICA DE LAS MATEMATICAS |
| 245 03 - MENCIÓN DE TÍTULO | |
| Título | El teorema de Endika |
| 260 ## - PUBLICACIÓN, DISTRIBUCIÓN, ETC. | |
| Lugar de publicación, distribución, etc. | Barcelona, España |
| 300 ## - DESCRIPCIÓN FÍSICA | |
| Extensión | 99-103 |
| 362 0# - FECHAS DE PUBLICACIÓN Y/O DESIGNACIÓN SECUENCIAL | |
| Fecha de publicación y/o designación secuencial | 2013 Año 19, número 63, julio-septiembre |
| 520 ## - NOTA DE RESUMEN, ETC. | |
| Sumario, etc. | La imaginación de nuestros estudiantes es algo que no debemos dejar pasar por alto en nuestra profesión. La autoevaluación de nuestros recursos educativos y metodologías parece ser la clave para acercarse hasta ella. Como coautor del proyecto Matemáticas de cine, puedo decir que el uso de material audiovisual en el aula suele ser de gran ayuda para introducir conceptos o relacionar ideas con las que se vaya a trabajar. La siguiente experiencia surgió justo tras una clase con proyección |
| 653 0# - TERMINO DE INDIZACION - NO CONTROLADO | |
| Término no controlado | TRONCOS DE CONO |
| 653 0# - TERMINO DE INDIZACION - NO CONTROLADO | |
| Término no controlado | TRONCOS DE PIRAMIDE |
| 653 0# - TERMINO DE INDIZACION - NO CONTROLADO | |
| Término no controlado | CINE |
| 653 0# - TERMINO DE INDIZACION - NO CONTROLADO | |
| Término no controlado | IMAGINACION |
| 856 4# - LOCALIZACIÓN Y ACCESO ELECTRÓNICOS | |
| Identificador Uniforme del Recurso | <a href="uno.grao.com/.../ODEyODc1NTYtYzAxYmQzYTEwN2U2MzliODUw">uno.grao.com/.../ODEyODc1NTYtYzAxYmQzYTEwN2U2MzliODUw</a> |
| 905 ## - TIPO DE MATERIAL | |
| Tipo de material | Articulo |
No items available.
